00488nam a2200133 a 45000010005000000030005000050050017000100080041000270200015000680400026000831000027001092450160001362600058002961795CDMR20130227125717.0130130s2003||||||||||||||||||||||||||||d a849224822X aCDMRbcatcCPC GIRONA1 aPlanes i Albets, Ramon12aL'Arxiu de la Corona d'Aragób: un nou perfil per a l'Arxiu Reial de BarcelonacRamon Planes i Albets, Laureà Pagarolas i Sabaté, Pere Puig i Ustrell c2003bAssociació d'Arxivers de CatalunyaaBarcelona